000 00847nam0a22002411 4500
001 rc\2722790
005 20250529130907.0
035 _a(NLR Aleph) 006850399
090 _a6740422
_c6740422
100 _a20110915d1938 |||y0rusy50 ca
101 0 _arus
102 _aRU
105 _aa z |||||
200 1 _aСтахановские методы в штукатурных работах
210 _aМосква
_cИзд. и 1 тип. Трансжелдориздата
_d1938
215 _a12 с.
_cил.
_d15 см.
225 1 _aБиблиотека стахановца-строителя железной дороги. Методом Стаханова-Кривоноса
_vВып. 19
700 1 _aКозачук
_bК.Я.
801 0 _aRU
_bNLR
_gpsbo
801 1 _aRU
_bELAR
_2rusmarc
852 _aNLR
_j38-8/841
942 _cBOOK
980 _aNB